Statistics for Unscramble the word!

Click here to take the quiz!

General Stats

  • This quiz has been taken 40 times
  • The average score is 5 of 6

Answer Stats

HintAnswer% Correct
madredream
97%
nelevitisoltelevision
85%
leseapplease
82%
lecubrplicrepublic
79%
mdiuatsstadium
71%
raptenrpartner
50%

Score Distribution

Percentile by Number Answered

Percent of People with Each Score

Your Score History

You have not taken this quiz